Ode oor die liefde / (Record no. 795025)
[ view plain ]
| 000 -LEADER | |
|---|---|
| fixed length control field | 00558nam a22001937a 4500 |
| 003 - CONTROL NUMBER IDENTIFIER | |
| control field | 3228 |
| 005 - DATE AND TIME OF LATEST TRANSACTION | |
| control field | 20260324131501.0 |
| 008 - FIXED-LENGTH DATA ELEMENTS--GENERAL INFORMATION | |
| fixed length control field | 260324b sa ||||e |||| 00| 1 AFR d |
| 020 ## - INTERNATIONAL STANDARD BOOK NUMBER | |
| International Standard Book Number | 0799327557 (hardback) |
| 040 ## - CATALOGING SOURCE | |
| Original cataloging agency | MPL |
| Language of cataloging | eng |
| Transcribing agency | 3228 |
| Description conventions | Resource Description and Access |
| 041 ## - LANGUAGE CODE | |
| Language code of text/sound track or separate title | Afrikaans |
| 082 #0 - DEWEY DECIMAL CLASSIFICATION NUMBER | |
| Classification number | AF UYS |
| 100 ## - MAIN ENTRY--PERSONAL NAME | |
| 9 (RLIN) | 107834 |
| Personal name | Uys, Pierre |
| Relator term | author |
| 245 ## - TITLE STATEMENT | |
| Title | Ode oor die liefde / |
| Statement of responsibility, etc. | Authro: Pierre Uys ; + Cover illustration: Rassie Erasmus |
| 250 ## - EDITION STATEMENT | |
| Edition statement | First print |
| 260 ## - PUBLICATION, DISTRIBUTION, ETC. | |
| Place of publication, distribution, etc. | Pretoria |
| Name of publisher, distributor, etc. | Keurbiblioteek |
| Date of publication, distribution, etc. | © 2000 |
| 300 ## - PHYSICAL DESCRIPTION | |
| Extent | 152 pages : |
| Dimensions | 21 cm |
| 942 ## - ADDED ENTRY ELEMENTS | |
| Source of classification or shelving scheme | Dewey Decimal Classification |
| item type | Books |
| -- | 245 |
| -- | Izakina Blanche |
| -- | 245 |
| -- | Izakina Blanche |
| Withdrawn status | Lost status | Source of classification or shelving scheme | Damaged status | Not for loan | Collection code | Home library | Current library | Shelving location | Date acquired | Total Checkouts | Full call number | Barcode | Date last seen | Price effective from | item type | Public note |
|---|---|---|---|---|---|---|---|---|---|---|---|---|---|---|---|---|
| Dewey Decimal Classification | Fiction | Grootvlei | Grootvlei | Fiction | 05.05.2026 | AF UYS | 33228009968775 | 05.05.2026 | 05.05.2026 | Book | ||||||
| Dewey Decimal Classification | Fiction | Middelburg Regional Library | Jeremiah Madonsela Public Library | Fiction | 24.03.2026 | AF UYS | 33228009969112 | 24.03.2026 | 24.03.2026 | Books | 0940044113 |